| 000 -LEADER |
| fixed length control field |
00756nam a22001937a 4500 |
| 001 - CONTROL NUMBER |
| control field |
1264 |
| 003 - CONTROL NUMBER IDENTIFIER |
| control field |
BD-DhUAP |
| 005 - DATE AND TIME OF LATEST TRANSACTION |
| control field |
20200318114740.0 |
| 008 - FIXED-LENGTH DATA ELEMENTS--GENERAL INFORMATION |
| fixed length control field |
200318t20072002bg a|||| |||| 00| 0 ben d |
| 040 ## - CATALOGING SOURCE |
| Original cataloging agency |
BD-DhUAP |
| Language of cataloging |
Ben |
| Transcribing agency |
BD-DhUAP |
| Modifying agency |
BD-DhUAP |
| 082 ## - DEWEY DECIMAL CLASSIFICATION NUMBER |
| Edition number |
23 |
| Classification number |
378 SCH |
| 245 ## - TITLE STATEMENT |
| Title |
স্কুল আরো ভালো কী ভাবে করা যায় : |
| Remainder of title |
মাধ্যমিক স্কুল প্রধানদের প্রশিক্ষণ ম্যানুয়েল। |
| 260 ## - PUBLICATION, DISTRIBUTION, ETC. |
| Place of publication, distribution, etc. |
ঢাকা : |
| Name of publisher, distributor, etc. |
নায়েম, |
| Date of publication, distribution, etc. |
c১৯৯৫। |
| 300 ## - PHYSICAL DESCRIPTION |
| Extent |
২৩৮ পৃষ্ঠা ; |
| Dimensions |
২৭ সেমি.। |
| 650 ## - SUBJECT ADDED ENTRY--TOPICAL TERM |
| Topical term or geographic name entry element |
Education |
| General subdivision |
School. |
| 650 ## - SUBJECT ADDED ENTRY--TOPICAL TERM |
| Topical term or geographic name entry element |
Education. |
| 710 ## - ADDED ENTRY--CORPORATE NAME |
| Corporate name or jurisdiction name as entry element |
ইউনেস্কো। |
| 942 ## - ADDED ENTRY ELEMENTS (KOHA) |
| Source of classification or shelving scheme |
|
| Koha item type |
Book |